Statistics for State Quiz - Delaware

Click here to take the quiz!

General Stats

  • This quiz has been taken 16,410 times
    (13,476 since last reset)
  • The average score is 14 of 20

Answer Stats

HintAnswer% Correct
The only state smaller than DelawareRhode Island
93%
Capital cityDover
90%
Delaware was the first state to ratify thisThe Constitution
90%
... thus earning it this nicknameThe {First} State
86%
State that Delaware borders via bridgeNew Jersey
85%
Delaware has only 3 of these subdivisions, fewer than any other stateCounties
80%
Delaware senator who later became PresidentJoe Biden
80%
Delaware is part of this region of the U.S.Mid-{Atlantic}
77%
Unusually, Delaware's border with this state is formed by a circlePennsylvania
75%
Delaware is the only state that doesn't have a commercial passenger ______Airport
72%
This line, named for two surveyors, marks the border between Delaware and MarylandMason-Dixon Line
71%
Most populous cityWilmington
66%
The above is part of this metro areaPhiladelphia
65%
Due to business-friendly laws, Delaware has more than a million of theseCorporations
62%
Country that built Fort Christina in 1638 as part of its short-lived U.S. colonySweden
52%
Chemical company that invented nylon, teflon, kevlar, lycra, and much moreDuPont
50%
State bird of Delaware{Blue} Hen
44%
Delaware has the lowest average _______ of any state, just ahead of
Florida and Louisiana
Elevation
42%
Town that calls itself "The Nation's Summer Capital"{Rehoboth} Beach
40%
Peninsula on which Delaware lies (hint: starts with D)Delmarva Peninsula
37%

Score Distribution

Percentile by Number Answered

Percent of People with Each Score

Your Score History

You have not taken this quiz since the last reset